| 000 | 00660nam a2200241 a 4500 | ||
|---|---|---|---|
| 001 | 13088 | ||
| 003 | BD-JhCC | ||
| 005 | 20230625092427.0 | ||
| 008 | 230625b20022014ii |||| ||a| 001 0 eng d | ||
| 020 | _a9780143424123 | ||
| 035 | _a(BD-JhCC)13088 | ||
| 040 |
_aBD-JhCC _dBD-JhCC |
||
| 041 | _aenglish | ||
| 082 |
_a306.08954 _bABD 2014 |
||
| 100 | _aAbdul Kalam,A.P.J | ||
| 245 |
_aIgnited Minds : _bunleashing the power within India / _cA.P.J Abdul Kalam. |
||
| 260 |
_aIndia : _bPenguin Books; _c2014. |
||
| 300 |
_a189 p. : _c18 cm. |
||
| 650 | _aMotivation (Psychology) in adolescence | ||
| 650 | _aPatriotism | ||
| 650 | _zIndia | ||
| 942 |
_2ddc _cBK |
||
| 999 |
_c13088 _d13088 |
||